Fr. Conceicao Rodrigues College of Engineering

PRESS TOOLS : DESIGN AND CONST. (Record no. 30148)

MARC details
000 -LEADER
fixed length control field 00290nam a2200133Ia 4500
082 ## - DEWEY DECIMAL CLASSIFICATION NUMBER
Classification number 671.33/JOS
100 ## - MAIN ENTRY--PERSONAL NAME
Personal name Joshi/P.H.
245 ## - TITLE STATEMENT
Title PRESS TOOLS : DESIGN AND CONST.
260 ## - PUBLICATION, DISTRIBUTION, ETC.
Name of publisher, distributor, etc. S.Chand & Co.
Place of publication, distribution, etc. New Delhi.
366 ## - TRADE AVAILABILITY INFORMATION
Publishers's discount category 10
546 ## - LANGUAGE NOTE
Language note ENGLISH
650 ## - SUBJECT ADDED ENTRY--TOPICAL TERM
Topical term or geographic name entry element Production.
942 ## - ADDED ENTRY ELEMENTS (KOHA)
Koha item type BOOK
Holdings
Withdrawn status Lost status Damaged status Not for loan Collection Home library Current library Date acquired Source of acquisition Cost, normal purchase price Inventory number Total Checkouts Full call number Barcode Date last seen Cost, replacement price Price effective from Koha item type
        AFT Fr. Agnel's C.Rodrigues College of Engineering Fr. Agnel's C.Rodrigues College of Engineering 17/03/2023 Professional Book house 189.00 6503   671.33/JOS AFT8117 17/03/2023 210.00   BOOK
        AFT Fr. Agnel's C.Rodrigues College of Engineering Fr. Agnel's C.Rodrigues College of Engineering 17/03/2023 Professional Book house 189.00 6503   671.33/JOS AFT8118 17/03/2023 210.00   BOOK
        AFT Fr. Agnel's C.Rodrigues College of Engineering Fr. Agnel's C.Rodrigues College of Engineering 17/03/2023 Professional Book house 189.00 6503   671.33/JOS AFT8119 17/03/2023 210.00   BOOK
        AFT Fr. Agnel's C.Rodrigues College of Engineering Fr. Agnel's C.Rodrigues College of Engineering 17/03/2023 Professional Book house 189.00 6503   671.33/JOS AFT8120 17/03/2023 210.00   BOOK